Άπαντα

Αποθηκεύτηκε σε:
Λεπτομέρειες βιβλιογραφικής εγγραφής
Κύριος συγγραφέας: Σολωμός, Διονύσιος, 1798-1857
Άλλοι συγγραφείς: Αλεξίου, Έλλη, 1894-1989 (edtf)
Μορφή: Βιβλίο
Γλώσσα:Greek
Δημοσίευση: Αθήνα : Μέρμηγκας, 1976.
Θέματα:
Ετικέτες: Προσθήκη ετικέτας
Δεν υπάρχουν, Καταχωρήστε ετικέτα πρώτοι!

MARC

LEADER 00000cam a2200000 a 4500
001 1/123345
008 210707s1976####gr | ||| |||| ||gre||
040 |a GR-MyUa  |b gre  |c GR-MyUa  |e AACR2 
041 0 |a gre 
082 7 |a 889.1   |2 (23) 
100 1 |a Σολωμός, Διονύσιος,   |d 1798-1857. 
245 1 0 |a Άπαντα /   |c Διονύσιου Σολωμού ; προλεγόμενα, επιμέλεια Έλλη Αλεξίου ; χαρακτικά Γεράσιμου Γρηγόρη. 
260 |a Αθήνα :   |b Μέρμηγκας,   |c 1976. 
300 |a 2 τ. :   |b εικ. ;   |c 25 εκ. 
650 0 |a Greek poetry. 
700 1 |a Αλεξίου, Έλλη,   |d 1894-1989,  |e edtf 
852 |a INST  |b SYROS  |e 20210705  |h 889.1 ΣΟΛ  |p 005500014143  |q 005500014143  |t BK  |v τομ.1:  |y 0 
852 |a INST  |b SYROS  |e 20210705  |h 889.1 ΣΟΛ  |p 005500014144  |q 005500014144  |t BK  |v τομ.2:  |y 0 
853 |a INST  |b SYROS  |h 889.1 ΣΟΛ 
970 |a Κοντού  |b Παρασκευή  |z 07/07/2021